US Presidents with Two Vowels - Statistics

General Stats
  • This quiz has been taken 317 times
  • The average score is 14 of 17
Answer Stats
# President % Correct
43 Bill Clinton
94%
6 John Quincy Adams
94%
17 Andrew Johnson
93%
2 John Adams
93%
36 Lyndon B. Johnson
93%
37 Richard Nixon
93%
39 Jimmy Carter
92%
16 Abraham Lincoln
91%
7 Andrew Jackson
87%
33 Harry Truman
87%
35 John F. Kennedy
86%
28 Woodrow Wilson
81%
12 Zachary Taylor
77%
29 Warren Harding
71%
19 Rutherford B. Hayes
65%
21 Chester A. Arthur
64%
25 William McKinley
63%
No matching quizzes found
Score Distribution
Percent of People with Each Score
Percentile by Number Answered
Your Score History
You have not taken this quiz